Principios de hacienda pública : (Registro nro. 7754)

Detalles MARC
000 -LEADER
fixed length control field 01082nam a2200277Ia 4500
003 - CONTROL NUMBER IDENTIFIER
control field OSt
005 - DATE AND TIME OF LATEST TRANSACTION
control field 20210429103800.0
008 - FIXED-LENGTH DATA ELEMENTS--GENERAL INFORMATION
fixed length control field 210310s2014 sp gr 000 0dspa d
020 ## - INTERNATIONAL STANDARD BOOK NUMBER
International Standard Book Number 9788415581161
040 ## - CATALOGING SOURCE
Original cataloging agency CO-JMCR
Transcribing agency CO-JMCR
041 0# - LANGUAGE CODE
Language code of text/sound track or separate title spa
082 04 - DEWEY DECIMAL CLASSIFICATION NUMBER
Classification number 336.200946 /
Item number D352p
Edition number 23
100 1# - MAIN ENTRY--PERSONAL NAME
Personal name Delgado Rivero, Francisco J.,
9 (RLIN) 15358
Relator term autor
245 10 - TITLE STATEMENT
Title Principios de hacienda pública :
Remainder of title teoría de los impuestos /
Statement of responsibility, etc. Francisco J. Delgado Rivero, Manuel A. Muñiz Pérez
250 ## - EDITION STATEMENT
Edition statement Primera edición
260 ## - PUBLICATION, DISTRIBUTION, ETC.
Place of publication, distribution, etc. Madrid :
Name of publisher, distributor, etc. Delta Publicaciones,
Date of publication, distribution, etc. 2014
300 ## - PHYSICAL DESCRIPTION
Other physical details xi, 280 páginas ;
Dimensions 24 cm.
500 ## - GENERAL NOTE
General note Incluye glosario y datos biográficos de los autores.
505 0# - FORMATTED CONTENTS NOTE
Formatted contents note Hacienda pública y presupuesto -- Los impuestos -- Introducción al gasto público y federalismo fiscal
650 14 - SUBJECT ADDED ENTRY--TOPICAL TERM
Topical term or geographic name entry element Hacienda pública
9 (RLIN) 15360
Geographic subdivision España
650 24 - SUBJECT ADDED ENTRY--TOPICAL TERM
Topical term or geographic name entry element Impuestos
Form subdivision Teorías
Geographic subdivision España
9 (RLIN) 37238
650 24 - SUBJECT ADDED ENTRY--TOPICAL TERM
Topical term or geographic name entry element Impuestos
General subdivision Clasificación
Geographic subdivision España
9 (RLIN) 37239
650 24 - SUBJECT ADDED ENTRY--TOPICAL TERM
Topical term or geographic name entry element Política fiscal
Geographic subdivision España
9 (RLIN) 37240
700 1# - ADDED ENTRY--PERSONAL NAME
Personal name Muñiz Pérez, Manuel A.,
Relator term autor
9 (RLIN) 37241
942 ## - ADDED ENTRY ELEMENTS (KOHA)
Source of classification or shelving scheme Dewey Decimal Classification
Koha item type Books
Existencias
Withdrawn status Lost status Source of classification or shelving scheme Damaged status Not for loan Collection code Home library Current library Date acquired Source of acquisition Total Checkouts Total Renewals Full call number Barcode Date last seen Date last checked out Copy number Koha item type
    Dewey Decimal Classification     Non-fiction Biblioteca Pública José María del Castillo y Rada Biblioteca Pública José María del Castillo y Rada 04/15/2018 Donación 1 2 336.200946 / D352p 430005097 03/05/2026 01/29/2026 Ej.1 Books